Guess the Movie By Picture - Statistics

General Stats
  • This quiz has been taken 41 times
  • The average score is 5 of 16
Answer Stats
Picture Answer % Correct
Catch Me If You Can
76%
Rain Man
63%
Fargo
53%
Casino
45%
Heat
37%
The Patriot
37%
Office Space
34%
Animal House
29%
Risky Business
29%
There Will Be Blood
29%
Twister
29%
Zero Dark Thirty
24%
Mystic River
21%
Rambo: First Blood
18%
Primal Fear
16%
Presumed Innocent
5%
No matching quizzes found
Score Distribution
Percent of People with Each Score
Percentile by Number Answered
Your Score History
You have not taken this quiz